Horľavé plyny pre autogénnu techniku a možnosti využitia v konkrétnych podmienkach ŽOS a. s. Trnava : Diplomová práca

Guardado en:
Detalles Bibliográficos
Autor principal: Kabátová, Zuzana (Autor)
Otros Autores: Hudák, Július (xxx)
Formato: Manuscrito Libro
Lenguaje:eslovaco
Publicado: Trnava : STU v Bratislave MtF KZv, 2002
Materias:
Etiquetas: Agregar Etiqueta
Sin Etiquetas, Sea el primero en etiquetar este registro!

MARC

LEADER 00000ntm a22000003a 4500
001 stu76190
005 20160719155025.0
008 020619s2002----xo------------------slo-d
040 |a STU  |b slo 
041 0 |a slo 
044 |a xo 
100 1 |a Kabátová, Zuzana  |4 aut 
245 1 |a Horľavé plyny pre autogénnu techniku a možnosti využitia v konkrétnych podmienkach ŽOS a. s. Trnava :  |b Diplomová práca 
260 |a Trnava :  |b STU v Bratislave MtF KZv,  |c 2002 
300 |a 78 s  |c abstr. + príl. 
650 7 |a horľavé plyny  |2 stusub 
650 7 |a autogénne techniky  |2 stusub 
650 7 |a strojárske technológie  |2 stusub 
700 1 |a Hudák, Július  |4 xxx  |u M140  |T MTF Katedra zvárania  |U M140  |Y M140